Mexico National Football Team - Statistics

General Stats
  • This quiz has been taken 136 times
    42 since last reset
  • The average score is 9 of 19
Answer Stats
Goals Caps Player % Correct
52 109 Javier Hernández
97%
35 85 Luis Hernández
94%
17 147 Rafael Márquez
88%
0 151 Guillermo Ochoa
82%
29 58 Hugo Sánchez
79%
28 180 Andrés Guardado
65%
44 121 Raúl Jiménez
62%
38 119 Cuauhtémoc Blanco
41%
46 89 Jared Borgetti
41%
0 129 Jorge Campos
38%
7 177 Claudio Suárez
29%
10 123 Carlos Salcido
26%
11 146 Pável Pardo
26%
5 132 Héctor Moreno
24%
28 77 Luis García
24%
34 90 Carlos Hermosillo
18%
31 65 Enrique Borja
18%
5 144 Gerardo Torrado
15%
30 84 Luís Roberto Alves
12%
No matching quizzes found
Score Distribution
Percent of People with Each Score
Percentile by Number Answered
Your Score History
You have not taken this quiz since the last reset